Normal view
MARC view
Entry Topical Term
001 - CONTROL NUMBER
- control field: 23645
003 - CONTROL NUMBER IDENTIFIER
- control field: dpl
005 - DATE AND TIME OF LATEST TRANSACTION
- control field: 20101019135239.0
008 - FIXED-LENGTH DATA ELEMENTS
- fixed length control field: 101019|||a|||||| | ||| d
040 ## - CATALOGING SOURCE
- Original cataloging agency: dpl
- Transcribing agency: dpl
150 ## - HEADING--TOPICAL TERM
- Topical term or geographic name as entry element: लधु कथाएँ, हिन्दी
670 ## - SOURCE DATA FOUND
- Source citation: Work cat.: (dpl)37407: वर्मा, दयानंद 1023, आने वाले कल की कहानियां /, 2010
670 ## - SOURCE DATA FOUND
- Source citation: Work cat.: (dpl)37407: वर्मा, दयानंद 1023, आने वाले कल की कहानियां /, 2010
